000
00322nam a2200121Ia 4500
008
240624s9999 xx 000 0 und d
041
_a
eng
082
_a
332.024 PFA
100
_a
PIGNATARO PAUL
245
_a
HOW MUCH CAN I SPEND IN RETIREMENT A GUI
260
_c
2017
_a
Virginia
_b
Retirement Research Media
365
_c
RS
999
_c
30747
_d
30747